| 000 | 00566nam a2200157Ia 4500 | ||
|---|---|---|---|
| 008 | 170221s9999 xx 000 0 und d | ||
| 100 | _aPanagiota Spanothymiou | ||
| 245 | _aChildren’s Evaluations of Villains in Children’s the Heroes and Literature | ||
| 245 | _cPanagiota Spanothymiou, Argiris Kyridis, Anastasia Christodoulou, Meni Kanatsouli | ||
| 260 | _bStudies in Media and Communication | ||
| 260 | _c2014 | ||
| 300 | _a34 : 5 | ||
| 650 | _xCommunication | ||
| 650 | _xMedia Arts | ||
| 856 | _uhttp://redfame.com/journal/index.php/smc/issue/view/18 | ||
| 999 |
_c310788 _d310788 |
||